000 00216 a2200097 4500
001 42971
100 _aKhahquzzam
245 _aPathway to Pakistan
260 _aLahore
_bLongman Pak Branch
_c
090 _c26848
_d26848
942 _aNUST-CAE
_cM
_c18722
999 _c278044
_d278044